Chansons françaises par titre détournés - Années 80 - Statistiques

Statistiques générales
  • Ce quiz a été pris 597 fois
  • Le résultat moyen est 6 sur 15
Statistiques - réponses
Titres transformés Réponse % Correct
Plusieurs diables au milieu de la nuit Les démons de Minuit
95%
Femme d'Adam, ne reste pas assise Eve lève toi
77%
Je te veux toi, je ne nécessite rien Besoin de rien, envie de toi
66%
Pêche Melba Banana Split
54%
Elle est délivrée Femme libérée
47%
Camarade peu commun Partenaire particulier
44%
T'es stylé mec ! T'as le look coco !
38%
Inverse du jour à l'asile Nuit de folie
35%
Un secret pour un secret Confidences pour confidences
31%
Enfant féminin de la boule de feu La fille du soleil
29%
Jamais fait avant Toute première fois
23%
Discothèque Macumba
19%
Elles dansent sur la piste Les divas du dancing
9%
On jette la pièce Pile ou Face
9%
Son souhait : aimer loin de la terre Elle préfère l'amour en mer
5%
Aucun quiz correspondant
Distribution des résultats
% des personnes avec chaque résultat
Percentile par nombre de réponses
Votre historique - résultats
Vous n’avez pas pris ce quiz